[Event "4.Nord-West-Cup"]
[Site "?"]
[Date "2002.??.??"]
[Round "5"]
[White "Strunski, Andreas"]
[Black "Hurrle, Juergen"]
[Result "0-1"]
[WhiteElo "1570"]
[BlackElo "1797"]
[PlyCount "50"]

1. e4 e5 2. Nf3 Nc6 3. d4 exd4 4. Nxd4 d6 5. Nc3 Be7 6. Be3 Nf6 7. Qd2 Nxd4 8.
Qxd4 c6 9. O-O-O Qa5 10. Bf4 Be6 11. Bxd6 c5 12. Qa4+ Qxa4 13. Nxa4 Bxd6 14.
Rxd6 Nxe4 15. Bb5+ Ke7 16. Rd2 Nxd2 17. Kxd2 b6 18. Re1 Rad8+ 19. Kc1 Rd6 20.
f4 Kd8 21. Nc3 Bf5 22. h3 h5 23. Re5 g6 24. Nd5 f6 25. Nxf6 Rxf6 0-1

[Event "4.Nord-West-Cup"]
[Site "?"]
[Date "2002.??.??"]
[Round "5"]
[White "van Hove, Ode"]
[Black "Merettig, Georg"]
[Result "0-1"]
[WhiteElo "1485"]
[BlackElo "1779"]
[PlyCount "48"]

1. e4 b6 2. d4 Bb7 3. Bd3 f5 4. Qe2 Nf6 5. Nd2 Nc6 6. c3 e5 7. Ngf3 Qe7 8. O-O
fxe4 9. Nxe4 O-O-O 10. dxe5 Nxe5 11. Nxe5 Qxe5 12. Ng5 Qd5 13. Nf3 Bd6 14. h3
Rde8 15. Qd1 g5 16. Bc2 Qc6 17. Re1 g4 18. hxg4 Nxg4 19. Rxe8+ Rxe8 20. Bf5 Nh2
21. Be3 Rg8 22. Kh1 Nxf3 23. gxf3 Qxf3+ 24. Qxf3 Bxf3# 0-1

[Event "4.Nord-West-Cup"]
[Site "?"]
[Date "2002.??.??"]
[Round "5"]
[White "Teixeira, Jose"]
[Black "Ungar, Benedict"]
[Result "1-0"]
[WhiteElo "1751"]
[BlackElo "1576"]
[PlyCount "61"]

1. e4 Nc6 2. Bb5 Nd4 3. Ba4 c6 4. c3 Ne6 5. d4 Nc7 6. Nf3 Nf6 7. Nbd2 d5 8. e5
Nd7 9. O-O Nb6 10. Bc2 Bg4 11. a4 a5 12. Re1 e6 13. Nf1 c5 14. Ne3 cxd4 15.
Nxg4 dxc3 16. bxc3 Nc4 17. Qd4 Na6 18. Ne3 Bc5 19. Qg4 Qb6 20. Rb1 Qa7 21. Qxg7
O-O-O 22. Qxf7 Nc7 23. Kh1 h5 24. Nxc4 dxc4 25. Be3 h4 26. Be4 Rhf8 27. Qg6 Rg8
28. Qh5 Nd5 29. Nd4 Rh8 30. Qg4 Kb8 31. Nc6+ 1-0

[Event "4.Nord-West-Cup"]
[Site "?"]
[Date "2002.??.??"]
[Round "5"]
[White "Schneider, Florian"]
[Black "Reininga, Jannes"]
[Result "1/2-1/2"]
[WhiteElo "1748"]
[BlackElo "1562"]
[PlyCount "84"]

1. e4 c6 2. d4 d5 3. e5 Bf5 4. Nc3 e6 5. g4 Bg6 6. Nge2 f6 7. f4 fxe5 8. dxe5
h5 9. g5 Bc5 10. Bh3 Kf7 11. f5 exf5 12. Rf1 Ne7 13. Nf4 Qf8 14. e6+ Kg8 15.
Nxg6 Nxg6 16. Bxf5 Qe8 17. Qe2 Ne7 18. Bh3 Na6 19. Bf4 Qg6 20. O-O-O Re8 21.
Qd3 Qxd3 22. Rxd3 g6 23. Be5 Rh7 24. Rdf3 Nf5 25. Bxf5 gxf5 26. Bf6 Rxe6 27.
Rxf5 Rd7 28. h4 Be3+ 29. Kd1 d4 30. Nb1 d3 31. c3 Nc5 32. Bd4 Bxd4 33. cxd4 Na4
34. Kc1 Re2 35. Nd2 Nxb2 36. g6 Na4 37. Rxh5 Rg7 38. Rg5 Nc3 39. h5 Nxa2+ 40.
Kd1 Nc3+ 41. Kc1 Na2+ 42. Kd1 Nc3+ 1/2-1/2

[Event "4.Nord-West-Cup"]
[Site "?"]
[Date "2002.??.??"]
[Round "5"]
[White "Lukossek, Thomas"]
[Black "Meyer, Eric"]
[Result "1/2-1/2"]
[WhiteElo "1732"]
[BlackElo "1483"]
[PlyCount "48"]

1. e4 e5 2. Nf3 Nf6 3. Nc3 Nc6 4. a3 Bc5 5. Bc4 O-O 6. d3 d6 7. h3 h6 8. O-O
Be6 9. Nd5 Bxd5 10. Bxd5 Nxd5 11. exd5 Ne7 12. c4 a6 13. b4 Ba7 14. Be3 f5 15.
Bxa7 Rxa7 16. d4 e4 17. Nd2 b5 18. Qb3 bxc4 19. Nxc4 Qa8 20. Na5 Qxd5 21. Qxd5+
Nxd5 22. Nc6 Raa8 23. Rfc1 Rf7 24. a4 Ne7 1/2-1/2

[Event "4.Nord-West-Cup"]
[Site "?"]
[Date "2002.??.??"]
[Round "5"]
[White "Arora, Manuel"]
[Black "Nolte, Wilhelm"]
[Result "0-1"]
[WhiteElo "1428"]
[BlackElo "1692"]
[PlyCount "28"]

1. d4 e6 2. c4 Nf6 3. Nc3 Bb4 4. Qc2 O-O 5. a3 Bxc3+ 6. Qxc3 d5 7. e3 b6 8. Nf3
a5 9. cxd5 exd5 10. Bd2 Ba6 11. Bxa6 Nxa6 12. O-O c5 13. dxc5 Nxc5 14. Qd4 Nb3
0-1

[Event "4.Nord-West-Cup"]
[Site "?"]
[Date "2002.??.??"]
[Round "5"]
[White "Zell, Stefan"]
[Black "Kohlmann, Arndt"]
[Result "1-0"]
[WhiteElo "1678"]
[BlackElo "1178"]
[PlyCount "51"]

1. e4 e5 2. Nf3 Nc6 3. Bb5 Nf6 4. O-O a6 5. Ba4 b5 6. Bb3 Bc5 7. d3 h6 8. c3
O-O 9. Nbd2 d6 10. h3 Be6 11. Bc2 Qd7 12. Kh2 Nh7 13. Nb3 Bb6 14. d4 Bxb3 15.
Bxb3 exd4 16. cxd4 Rae8 17. Bc2 Nf6 18. Re1 Re7 19. a4 Rfe8 20. Ra3 Nxe4 21.
Rae3 Nf6 22. Rxe7 Rxe7 23. Rxe7 Qxe7 24. Be3 Nd5 25. Qd3 Nxe3 26. Qh7+ 1-0

[Event "4.Nord-West-Cup"]
[Site "?"]
[Date "2002.??.??"]
[Round "5"]
[White "Korsus, Stephanie"]
[Black "Otte, Klaus"]
[Result "1-0"]
[WhiteElo "1660"]
[BlackElo "1345"]
[PlyCount "81"]

1. e4 e6 2. d4 d5 3. exd5 exd5 4. c4 dxc4 5. Bxc4 Be7 6. Nf3 Nf6 7. O-O O-O 8.
Nc3 Bg4 9. h3 Bh5 10. Be3 c6 11. Re1 Nbd7 12. Bd3 Nb6 13. g4 Bg6 14. Nh4 Bxd3
15. Qxd3 Nxg4 16. Nf5 Nxe3 17. Rxe3 Bg5 18. Rg3 g6 19. Ne4 Bf4 20. Rg4 Nd5 21.
Nc3 h5 22. Rg2 Nc7 23. Qf3 Bg5 24. h4 Bf6 25. Qxh5 Ne6 26. Qg4 Kh8 27. Re1 Nxd4
28. Rd1 c5 29. Ne4 Qb6 30. Nfd6 Be7 31. Qd7 Bxd6 32. Nxd6 Kg8 33. Nxb7 Nf3+ 34.
Kh1 Nxh4 35. Rg4 Nf5 36. Rdg1 Nd4 37. Qd5 Qe6 38. Rxg6+ fxg6 39. Rxg6+ Kf7 40.
Rxe6 Rh8+ 41. Rh6+ 1-0

[Event "4.Nord-West-Cup"]
[Site "?"]
[Date "2002.??.??"]
[Round "5"]
[White "Stindt, Rolf"]
[Black "Schippl, Thomas"]
[Result "1-0"]
[WhiteElo "1557"]
[BlackElo "1595"]
[PlyCount "87"]

1. d4 d5 2. Nf3 e6 3. a3 c5 4. dxc5 Bxc5 5. b4 Be7 6. Bf4 Nc6 7. e3 Nf6 8. c4
a5 9. b5 Na7 10. Nc3 b6 11. Be2 Bb7 12. O-O Rc8 13. Qb3 O-O 14. Rfd1 dxc4 15.
Bxc4 Qe8 16. Ne5 Bc5 17. Nd3 Ne4 18. Na4 Qe7 19. Ndxc5 bxc5 20. f3 e5 21. Bg3
Nxg3 22. hxg3 Rb8 23. Nc3 Qg5 24. Ne2 Ba6 25. a4 Bc8 26. Rd5 Nc6 27. Rxc5 Nb4
28. Rd1 Bb7 29. Rc7 Qf6 30. Kf2 Bc8 31. Ra7 Qb6 32. Re7 Rb7 33. Rxe5 Rd7 34.
Rxd7 Bxd7 35. Re7 Be6 36. Bxe6 fxe6 37. Qxe6+ Qxe6 38. Rxe6 Rc8 39. Nd4 Kf7 40.
f4 Rc3 41. b6 Na6 42. Re5 Nc5 43. Rxc5 Rxc5 44. b7 1-0

[Event "4.Nord-West-Cup"]
[Site "?"]
[Date "2002.??.??"]
[Round "5"]
[White "Reinhard, Ralf-Peter"]
[Black "Toth, Hans-Juergen"]
[Result "1-0"]
[WhiteElo "1400"]
[BlackElo "1427"]
[PlyCount "89"]

1. Nf3 Nf6 2. g3 e6 3. Bg2 d5 4. O-O Be7 5. d4 O-O 6. Bg5 h6 7. Bxf6 Bxf6 8. c3
Nd7 9. Nbd2 c5 10. Re1 cxd4 11. cxd4 Nb6 12. Rc1 Bd7 13. Qc2 Rc8 14. Qb1 Bb5
15. e3 Be7 16. a3 Nc4 17. Nxc4 Rxc4 18. Rxc4 Bxc4 19. Bf1 Bxf1 20. Rxf1 Qd7 21.
Ne5 Qb5 22. Qc2 Bd6 23. Nd3 Qc6 24. Rc1 Qxc2 25. Rxc2 Re8 26. Kf1 Re7 27. Ke2
Rc7 28. Rxc7 Bxc7 29. f3 g5 30. e4 dxe4 31. fxe4 f6 32. Nc5 Bb6 33. Nxe6 Kf7
34. Nc5 Bxc5 35. dxc5 Ke6 36. g4 Kd7 37. Kd3 Ke6 38. Kd4 b5 39. cxb6 axb6 40.
a4 Kd6 41. b4 Ke6 42. a5 Kd6 43. axb6 Kc6 44. b7 Kxb7 45. Kd5 1-0

[Event "4.Nord-West-Cup"]
[Site "?"]
[Date "2002.??.??"]
[Round "5"]
[White "Nickel, Nicolai"]
[Black "Thomas, Jeffrey"]
[Result "0-1"]
[WhiteElo "1100"]
[BlackElo "1100"]
[PlyCount "20"]

1. e4 e5 2. Nf3 Nc6 3. Bc4 Bc5 4. Nc3 Nf6 5. d3 O-O 6. Bg5 d6 7. h3 Nd4 8. Nxd4
Bxd4 9. Bxf6 Qxf6 10. Nd5 Qxf2# 0-1

[Event "4.Nord-West-Cup"]
[Site "?"]
[Date "2002.??.??"]
[Round "6"]
[White "Meins, Gerlef"]
[Black "Podzielny, Karl-Heinz"]
[Result "1-0"]
[WhiteElo "2393"]
[BlackElo "2501"]
[PlyCount "51"]

1. d4 Nf6 2. c4 g6 3. Nc3 Bg7 4. e4 d6 5. Be2 O-O 6. Bg5 a5 7. Qd2 Na6 8. f4
Qe8 9. e5 Nd7 10. Nf3 f6 11. exf6 exf6 12. Bh4 f5 13. O-O Nf6 14. Bd3 c6 15.
Rae1 Qd8 16. Kh1 Bd7 17. c5 d5 18. Na4 Nc7 19. Nb6 Ra7 20. Ne5 Be8 21. g4 fxg4
22. f5 gxf5 23. Bxf5 Bg6 24. Nxg6 hxg6 25. Bxg6 Na8 26. Rxf6 1-0

[Event "4.Nord-West-Cup"]
[Site "?"]
[Date "2002.??.??"]
[Round "6"]
[White "Vasiljevic, Dragan"]
[Black "Fish, Gennadij"]
[Result "1/2-1/2"]
[WhiteElo "2351"]
[BlackElo "2499"]
[PlyCount "45"]

1. d4 Nf6 2. c4 g6 3. Nc3 d5 4. Nf3 Bg7 5. cxd5 Nxd5 6. e4 Nxc3 7. bxc3 c5 8.
Be3 Qa5 9. Qd2 O-O 10. Rc1 Nd7 11. Bd3 e5 12. dxe5 Nxe5 13. Nxe5 Bxe5 14. f4
Bg7 15. O-O Rd8 16. Qc2 Bd7 17. Bc4 Bb5 18. Bxb5 Qxb5 19. c4 Qc6 20. e5 Rd7 21.
Rcd1 Rad8 22. Rxd7 Rxd7 23. Rd1 1/2-1/2

[Event "4.Nord-West-Cup"]
[Site "?"]
[Date "2002.??.??"]
[Round "6"]
[White "Weber, Siegfried"]
[Black "Lingnau, Carsten"]
[Result "1/2-1/2"]
[WhiteElo "2246"]
[BlackElo "2436"]
[PlyCount "59"]

1. e4 c5 2. d4 cxd4 3. c3 Nf6 4. e5 Nd5 5. cxd4 e6 6. Nc3 Nxc3 7. bxc3 d6 8. f4
dxe5 9. fxe5 Qc7 10. Bd2 Be7 11. Nf3 O-O 12. Bd3 b6 13. O-O Ba6 14. c4 Nc6 15.
Ng5 g6 16. Nxh7 Nxd4 17. Nxf8 Bxf8 18. Kh1 Qxe5 19. Qa4 Bc8 20. Bf4 Qg7 21. Be4
Ne2 22. Bxa8 Nxf4 23. Rad1 Nh5 24. Rd8 Kh7 25. Rxc8 Ng3+ 26. hxg3 Qh6+ 27. Kg1
Qe3+ 28. Rf2 Qc1+ 29. Kh2 Qh6+ 30. Kg1 1/2-1/2

[Event "4.Nord-West-Cup"]
[Site "?"]
[Date "2002.??.??"]
[Round "6"]
[White "Tschetschelnitzki, Boris"]
[Black "Jugelt, Tobias"]
[Result "1/2-1/2"]
[WhiteElo "2230"]
[BlackElo "2433"]
[PlyCount "34"]

1. g3 d5 2. Nf3 Nf6 3. Bg2 c6 4. b3 e6 5. Bb2 Bd6 6. O-O O-O 7. c4 Nbd7 8. d3
e5 9. cxd5 cxd5 10. e3 Re8 11. Nc3 b6 12. Nh4 Bb7 13. Nf5 Bf8 14. Nb5 Re6 15.
Rc1 Bc6 16. Nc3 g6 17. Nh4 Bb7 1/2-1/2

[Event "4.Nord-West-Cup"]
[Site "?"]
[Date "2002.??.??"]
[Round "6"]
[White "Petrosjan, Suren"]
[Black "Issel, Oliver"]
[Result "1-0"]
[WhiteElo "2388"]
[BlackElo "2226"]
[PlyCount "69"]

1. g3 d5 2. Bg2 Nf6 3. b3 c5 4. Nf3 g6 5. Bb2 Bg7 6. O-O Nc6 7. d3 O-O 8. Nbd2
Qc7 9. e4 dxe4 10. dxe4 Bg4 11. Qe1 Nd7 12. Bxg7 Kxg7 13. Qe3 Rad8 14. h3 Bxf3
15. Nxf3 b6 16. c3 e5 17. Nh4 f6 18. f4 exf4 19. gxf4 Kh8 20. Rf2 Rf7 21. Bf1
Nf8 22. Bc4 Re7 23. Qf3 Na5 24. Bd5 c4 25. b4 Nb7 26. e5 Red7 27. Bc6 Rd3 28.
Qg2 Rb8 29. Re1 Nd8 30. Be4 Rxc3 31. exf6 Nde6 32. Qg4 Rd8 33. Bxg6 hxg6 34.
Rxe6 Rdd3 35. Nxg6+ 1-0

[Event "4.Nord-West-Cup"]
[Site "?"]
[Date "2002.??.??"]
[Round "6"]
[White "Boer, Alef"]
[Black "Ionescu, Doru Alexandru"]
[Result "0-1"]
[WhiteElo "2190"]
[BlackElo "2369"]
[PlyCount "62"]

1. e4 e6 2. d3 d5 3. Nd2 c5 4. Ngf3 Nf6 5. g3 b6 6. Bg2 Bb7 7. e5 Nfd7 8. O-O
Nc6 9. Qe2 Qc7 10. Re1 Be7 11. h4 h6 12. Nf1 O-O-O 13. c3 Kb8 14. a3 Rdg8 15.
b4 g5 16. b5 Na5 17. Rb1 gxh4 18. Nxh4 h5 19. d4 cxd4 20. cxd4 Rg4 21. Nf3 Re4
22. Be3 Nc4 23. a4 Qd8 24. N3h2 Nxe3 25. Bxe4 Nxf1 26. Nxf1 dxe4 27. a5 f5 28.
exf6 Nxf6 29. Red1 h4 30. Kg2 hxg3 31. fxg3 Rg8 0-1

[Event "4.Nord-West-Cup"]
[Site "?"]
[Date "2002.??.??"]
[Round "6"]
[White "Zezulkin, Jurij"]
[Black "Schuette, Marc"]
[Result "1-0"]
[WhiteElo "2523"]
[BlackElo "2210"]
[PlyCount "55"]

1. e4 e6 2. d4 d5 3. Nc3 Nf6 4. Bg5 Be7 5. e5 Nfd7 6. h4 c5 7. Bxe7 Qxe7 8. Nb5
Kd8 9. c3 Nc6 10. f4 cxd4 11. cxd4 Qb4+ 12. Qd2 h5 13. Nf3 Nb6 14. Nd6 Ke7 15.
Rc1 Qxd2+ 16. Kxd2 Rb8 17. Bd3 Bd7 18. f5 exf5 19. Bxf5 Nc8 20. Ng5 Nxd4 21.
Ndxf7 Rf8 22. Rc7 Nxf5 23. e6 Nb6 24. exd7 Nc4+ 25. Kd3 Kf6 26. Re1 Nxh4 27.
Nh7+ Kxf7 28. d8=Q+ 1-0

[Event "4.Nord-West-Cup"]
[Site "?"]
[Date "2002.??.??"]
[Round "6"]
[White "Sarakauskas, Gediminas"]
[Black "Kozlova, Olga"]
[Result "1-0"]
[WhiteElo "2392"]
[BlackElo "2259"]
[PlyCount "81"]

1. e4 e5 2. Nf3 Nc6 3. Bc4 Be7 4. d3 Nf6 5. c3 O-O 6. O-O d5 7. exd5 Nxd5 8.
Re1 Bg4 9. Nbd2 Nf4 10. Nf1 Bd6 11. h3 Bd7 12. Bxf4 exf4 13. d4 Ne7 14. Ng5 Bf5
15. Bd3 h6 16. Bxf5 Nxf5 17. Nf3 Re8 18. Rxe8+ Qxe8 19. Qd3 Qd7 20. Re1 Ne7 21.
N1d2 Ng6 22. Qe4 c6 23. Nc4 Rd8 24. Nxd6 Qxd6 25. h4 Nf8 26. Qe7 Qd7 27. Qa3
Ne6 28. Qxa7 Qc8 29. Re5 Qa8 30. Qxa8 Rxa8 31. a3 Kf8 32. d5 cxd5 33. Rxd5 Ke7
34. Rb5 Rb8 35. Ne5 Nd8 36. Nd3 Ne6 37. Ne5 Nd8 38. Kf1 Kd6 39. Nc4+ Ke6 40.
Re5+ Kd7 41. Rf5 1-0

[Event "4.Nord-West-Cup"]
[Site "?"]
[Date "2002.??.??"]
[Round "6"]
[White "Hedke, Fred"]
[Black "Muehlenhaus, Sven"]
[Result "1/2-1/2"]
[WhiteElo "2370"]
[BlackElo "2207"]
[PlyCount "47"]

1. e4 c5 2. d4 cxd4 3. Nf3 d6 4. Nxd4 Nf6 5. Nc3 Nc6 6. Bb5 Bd7 7. O-O g6 8.
Be3 Bg7 9. f3 O-O 10. Nxc6 bxc6 11. Bc4 Qb8 12. Bb3 Be6 13. Bxe6 fxe6 14. Rb1
Nd7 15. Ne2 Qb7 16. Qd2 Rf7 17. b3 a5 18. a4 c5 19. Nf4 Nf8 20. Nd3 Nd7 21. Nf4
Nf8 22. Ne2 Nd7 23. Rfd1 Ne5 24. Rf1 1/2-1/2

[Event "4.Nord-West-Cup"]
[Site "?"]
[Date "2002.??.??"]
[Round "6"]
[White "Ljubarskij, Jurij"]
[Black "Lichman, Peter"]
[Result "1-0"]
[WhiteElo "2345"]
[BlackElo "2091"]
[PlyCount "93"]

1. e4 d5 2. exd5 Nf6 3. Bb5+ Bd7 4. Bc4 c6 5. dxc6 Nxc6 6. Nf3 Bg4 7. O-O e5 8.
d3 Bc5 9. c3 O-O 10. Bg5 h6 11. Bxf6 Qxf6 12. Nbd2 Bb6 13. Qe2 Rad8 14. Rfe1
Rfe8 15. Rad1 a6 16. Bb3 Qg6 17. Nc4 Bc7 18. Ne3 e4 19. Nxg4 exf3 20. Qxf3
Rxe1+ 21. Rxe1 h5 22. Ne3 Ne5 23. Qe4 Rxd3 24. Qxg6 Nxg6 25. Rd1 Ne5 26. Bc2
Rxd1+ 27. Bxd1 g6 28. Nd5 Bd6 29. Kf1 Kf8 30. Ke2 Ke8 31. h3 Kd7 32. f4 Nc6 33.
Kf3 b5 34. Nf6+ Ke6 35. Ne4 f6 36. Bb3+ Ke7 37. Nxd6 Kxd6 38. Bf7 Ne7 39. Ke4
h4 40. Be8 Ke6 41. a4 bxa4 42. Bxa4 Nf5 43. b4 Ng3+ 44. Kf3 Nf1 45. Bb3+ Ke7
46. Bc2 f5 47. Bd3 1-0

[Event "4.Nord-West-Cup"]
[Site "?"]
[Date "2002.??.??"]
[Round "6"]
[White "Krause, Thomas"]
[Black "Grecescu, Gabriel"]
[Result "0-1"]
[WhiteElo "2182"]
[BlackElo "2272"]
[PlyCount "76"]

1. Nf3 c5 2. c4 g6 3. g3 Bg7 4. Bg2 Nc6 5. Nc3 e6 6. O-O Nge7 7. d3 O-O 8. Bd2
d5 9. b3 b6 10. Rb1 Bb7 11. Qc1 Qd7 12. Bh6 Rac8 13. Bxg7 Kxg7 14. h4 e5 15.
cxd5 Nxd5 16. Nxd5 Qxd5 17. Ng5 Qd6 18. Qb2 f6 19. Ne4 Qe7 20. f4 Nd4 21. Kh2
Bxe4 22. Bxe4 f5 23. Bg2 exf4 24. Rxf4 Rce8 25. e4 fxe4 26. Rxe4 Qf6 27. b4
Rxe4 28. Bxe4 cxb4 29. Qxb4 Rc8 30. Rb2 Rc1 31. a4 Nc2 32. Qb5 Ne3 33. Qd7+ Kh6
34. d4 Rc3 35. Bg2 Nf5 36. Rf2 Rxg3 37. Rf4 Rd3 38. h5 Qg5 0-1

[Event "4.Nord-West-Cup"]
[Site "?"]
[Date "2002.??.??"]
[Round "6"]
[White "Voloshin, Leonid"]
[Black "You, Long"]
[Result "1-0"]
[WhiteElo "2437"]
[BlackElo "2207"]
[PlyCount "65"]

1. d4 Nf6 2. c4 e6 3. Nf3 d5 4. Nc3 Nbd7 5. cxd5 exd5 6. Bg5 Be7 7. e3 O-O 8.
Bd3 Re8 9. Qc2 Nf8 10. O-O Ng6 11. Rab1 a5 12. a3 c6 13. b4 axb4 14. axb4 Ne4
15. Bxe4 Bxg5 16. Bf5 Bf6 17. Bxc8 Rxc8 18. Na4 Be7 19. Nc5 Qc7 20. Rfc1 Bd6
21. Nd3 Re4 22. Nc5 Ree8 23. Qb3 f5 24. g3 h5 25. Qd3 Ne7 26. b5 Rb8 27. bxc6
bxc6 28. Rxb8 Qxb8 29. Kg2 g6 30. Nd7 Qa7 31. Nf6+ Kf7 32. Nxe8 Kxe8 33. Rb1
1-0

[Event "4.Nord-West-Cup"]
[Site "?"]
[Date "2002.??.??"]
[Round "6"]
[White "Markl, Martin"]
[Black "Fischbach, Harald"]
[Result "0-1"]
[WhiteElo "2299"]
[BlackElo "2199"]
[PlyCount "84"]

1. d4 Nf6 2. c4 g6 3. Nc3 Bg7 4. e4 d6 5. f3 e5 6. Nge2 c6 7. Be3 Nbd7 8. Qd2
a6 9. d5 cxd5 10. cxd5 b5 11. Nc1 Nh5 12. g4 Nf4 13. h4 h5 14. N3e2 hxg4 15.
fxg4 Rxh4 16. Rg1 g5 17. Bf2 Rh6 18. Nxf4 exf4 19. Nd3 Nb6 20. Nb4 Na4 21. Nc6
Qf6 22. Bd4 Qg6 23. O-O-O Bxd4 24. Qxd4 Bb7 25. Na5 Bc8 26. Kb1 Qf6 27. Qxf6
Rxf6 28. Rh1 Bxg4 29. Rh8+ Kd7 30. Rxa8 Bxd1 31. Rxa6 f3 32. Bxb5+ Ke7 33. Ra8
Rf4 34. e5 dxe5 35. Re8+ Kf6 36. d6 Nc5 37. Kc1 Be2 38. d7 Nxd7 39. Bxd7 f2 40.
Bh3 g4 41. Bg2 Bf3 42. Bf1 g3 0-1

[Event "4.Nord-West-Cup"]
[Site "?"]
[Date "2002.??.??"]
[Round "6"]
[White "Heinemann, Ernst"]
[Black "da Costa, Martin"]
[Result "1/2-1/2"]
[WhiteElo "2217"]
[BlackElo "2030"]
[PlyCount "83"]

1. e4 e6 2. d4 d5 3. Nc3 Nf6 4. e5 Nfd7 5. Nf3 c5 6. dxc5 Nc6 7. Bf4 Bxc5 8.
Bd3 Qe7 9. Qe2 a6 10. a3 b5 11. O-O h6 12. Rad1 Bb7 13. Na2 O-O 14. c3 Rfc8 15.
Nc1 Na7 16. Bb1 a5 17. Qd3 Nf8 18. b4 Bb6 19. Ne2 Qc7 20. Nd2 Nc6 21. Qg3 Kh8
22. Nf3 Qe7 23. Qh3 f5 24. exf6 Qxf6 25. g4 Kg8 26. g5 hxg5 27. Nxg5 Bc7 28.
Bxc7 Qxg5+ 29. Bg3 axb4 30. axb4 d4 31. Nxd4 Nxd4 32. Rxd4 Rxc3 33. Rg4 Qf6 34.
Be4 Bxe4 35. Rxe4 Rc4 36. Qg4 Rac8 37. Qe2 Rxe4 38. Qxe4 Rc4 39. Qb1 Qd4 40.
Rd1 Rxb4 41. Qc2 Qe4 42. Qxe4 1/2-1/2

[Event "4.Nord-West-Cup"]
[Site "?"]
[Date "2002.??.??"]
[Round "6"]
[White "Olzem, Lothar"]
[Black "Pericic, Boris"]
[Result "1-0"]
[WhiteElo "2185"]
[BlackElo "2021"]
[PlyCount "101"]

1. d4 c6 2. c4 d5 3. cxd5 cxd5 4. Nc3 a6 5. Nf3 Nc6 6. Bf4 e6 7. e3 Nge7 8. Bd3
Ng6 9. Bg3 Be7 10. a3 Bd7 11. Rc1 O-O 12. O-O f5 13. Na4 Ra7 14. Qb3 h5 15. Qb6
h4 16. Bc7 Qc8 17. Nc5 Rf6 18. Ne5 Ngxe5 19. dxe5 Bxc5 20. Rxc5 Rg6 21. Rfc1
Ra8 22. b4 d4 23. Bd6 dxe3 24. fxe3 Qd8 25. Qxd8+ Rxd8 26. Be2 Kh7 27. R5c4 Rh6
28. a4 h3 29. g3 Kg6 30. Rf4 Rhh8 31. b5 axb5 32. axb5 Na7 33. Rb4 Rc8 34. Ra1
Ra8 35. Rba4 Rhc8 36. Rxa7 Rxa7 37. Rxa7 Rc1+ 38. Kf2 Rc2 39. Rxb7 Kg5 40. Rxd7
g6 41. Be7+ Kh6 42. Bf6 f4 43. exf4 g5 44. Kf3 g4+ 45. Ke3 Rc8 46. Bd3 Rh8 47.
b6 Kh5 48. b7 Rh6 49. b8=Q Rg6 50. Rh7+ Rh6 51. Qe8# 1-0

[Event "4.Nord-West-Cup"]
[Site "?"]
[Date "2002.??.??"]
[Round "6"]
[White "Juergens, Bernhard"]
[Black "Roehl, Manfred"]
[Result "1-0"]
[WhiteElo "1849"]
[BlackElo "1688"]
[PlyCount "53"]

1. e4 e5 2. Nf3 d6 3. d4 exd4 4. Nxd4 Nf6 5. Nc3 Bg4 6. f3 Bh5 7. Bg5 Be7 8.
Nf5 O-O 9. Nxe7+ Qxe7 10. Nd5 Qd8 11. Nxf6+ gxf6 12. Bh6 Re8 13. g4 Bg6 14. h4
Bxe4 15. fxe4 Rxe4+ 16. Kd2 Rd4+ 17. Bd3 c5 18. c3 c4 19. cxd4 cxd3 20. Qa4 Nc6
21. Kxd3 Qd7 22. Kd2 d5 23. Rae1 b5 24. Qa6 Rb8 25. Kc1 Rb6 26. Qa3 Nxd4 27.
Qf8# 1-0

[Event "4.Nord-West-Cup"]
[Site "?"]
[Date "2002.??.??"]
[Round "6"]
[White "Gudat, Alfons"]
[Black "Dewenter, Ulf"]
[Result "1/2-1/2"]
[WhiteElo "2032"]
[BlackElo "2193"]
[PlyCount "70"]

1. Nf3 Nf6 2. d4 c5 3. d5 b5 4. a4 Bb7 5. axb5 Nxd5 6. e4 Nb6 7. Nc3 d6 8. Be2
e6 9. O-O Be7 10. Nd2 O-O 11. Nb3 a6 12. Na5 Bc8 13. bxa6 Bxa6 14. Bxa6 Nxa6
15. Nc6 Qd7 16. Nxe7+ Qxe7 17. Qe2 Nb4 18. Be3 Rxa1 19. Rxa1 f5 20. exf5 Rxf5
21. Ne4 Rf8 22. Rd1 N4d5 23. Bg5 Qd7 24. c4 h6 25. Bc1 Nf4 26. Bxf4 Rxf4 27.
Nxc5 Qe7 28. Qxe6+ Qxe6 29. Nxe6 Re4 30. Nd4 Nxc4 31. f3 Nxb2 32. fxe4 Nxd1 33.
Nf5 Kf7 34. Nxd6+ Ke6 35. Nc4 Nc3 1/2-1/2

[Event "4.Nord-West-Cup"]
[Site "?"]
[Date "2002.??.??"]
[Round "6"]
[White "Pel, Bonno"]
[Black "Krause, Klaus"]
[Result "1-0"]
[WhiteElo "2191"]
[BlackElo "2029"]
[PlyCount "43"]

1. Nc3 d5 2. e4 e6 3. d4 Bb4 4. a3 Bxc3+ 5. bxc3 dxe4 6. f3 e5 7. Be3 Nh6 8.
Qd2 Nf5 9. Bg5 e3 10. Bxe3 exd4 11. cxd4 O-O 12. Bf2 Re8+ 13. Ne2 Nc6 14. O-O-O
Qe7 15. Qc3 Bd7 16. Ng3 Rad8 17. Bd3 Qg5+ 18. Kb1 Nd6 19. d5 Qe5 20. Qd2 Ne7
21. Rhe1 Qxd5 22. Rxe7 1-0

[Event "4.Nord-West-Cup"]
[Site "?"]
[Date "2002.??.??"]
[Round "6"]
[White "Wiertzema, Michael"]
[Black "Mader, Sascha"]
[Result "1-0"]
[WhiteElo "2169"]
[BlackElo "1881"]
[PlyCount "73"]

1. d4 d5 2. Nf3 e6 3. g3 f5 4. Bg2 Nf6 5. c4 c6 6. b3 Bb4+ 7. Bd2 Be7 8. Bf4
O-O 9. O-O Ne4 10. Nbd2 Nd6 11. c5 Nf7 12. h4 Nd7 13. b4 g5 14. hxg5 Nxg5 15.
a4 h5 16. Ra3 Rf7 17. Nxg5 Bxg5 18. Nf3 Bf6 19. Qd2 Nf8 20. Be5 Rh7 21. b5 Ng6
22. Bxf6 Qxf6 23. Qg5 Kf7 24. Re3 Bd7 25. Rb1 Rah8 26. Bh3 h4 27. g4 fxg4 28.
Qxg4 Rg7 29. Ng5+ Ke7 30. Nxe6 Ne5 31. Qxg7+ Qxg7+ 32. Nxg7 Bxh3 33. Rxe5+ Kf7
34. Kh2 Bd7 35. Nf5 Kf6 36. Nd6 h3 37. Rg1 1-0

[Event "4.Nord-West-Cup"]
[Site "?"]
[Date "2002.??.??"]
[Round "6"]
[White "Koehne, Arno"]
[Black "Warns, Heiko"]
[Result "0-1"]
[WhiteElo "2028"]
[BlackElo "2140"]
[PlyCount "108"]

1. d4 Nf6 2. c4 e6 3. Nf3 c5 4. e3 d5 5. Nc3 Nc6 6. dxc5 Bxc5 7. Be2 O-O 8. O-O
a6 9. a3 dxc4 10. Bxc4 b5 11. Be2 Qe7 12. b4 Bd6 13. Qb3 Bb7 14. h3 e5 15. Rd1
e4 16. Nd2 Ne5 17. Nf1 Rac8 18. Bb2 Nc4 19. Bxc4 Rxc4 20. Rd2 Rcc8 21. Ne2 Rfd8
22. Rad1 Bc7 23. Neg3 Rxd2 24. Rxd2 Be5 25. Nf5 Qc7 26. Bxe5 Qxe5 27. Nd6 Rc7
28. Nxb7 Rxb7 29. Rd8+ Ne8 30. Qd5 Re7 31. Qa8 Re6 32. Rd5 Qc7 33. Rd8 Kf8 34.
Rd4 Qc6 35. Qxc6 Rxc6 36. Rxe4 Rc3 37. Ng3 Rxa3 38. Nf5 g6 39. Nd4 Nd6 40. Rf4
Ra1+ 41. Kh2 Rb1 42. Nc6 Nc4 43. Nb8 Rxb4 44. Nxa6 Ra4 45. Nc5 Ra2 46. Ne6+ Ke7
47. Nc7 Nd6 48. Rb4 Ra5 49. Kg3 Kd7 50. Nd5 Kc6 51. Nc3 Kc5 52. Rf4 b4 53. Nb1
Ra2 54. Kf3 Rb2 0-1

[Event "4.Nord-West-Cup"]
[Site "?"]
[Date "2002.??.??"]
[Round "6"]
[White "Brandes, Stephan"]
[Black "Ostermeier, Ralf"]
[Result "1-0"]
[WhiteElo "2068"]
[BlackElo "2131"]
[PlyCount "69"]

1. c4 Nf6 2. Nc3 c5 3. e4 d6 4. d3 e6 5. g3 Nbd7 6. Bg2 Be7 7. Nge2 a6 8. a3
Rb8 9. b4 b6 10. O-O O-O 11. Qc2 Bb7 12. Bd2 Qc7 13. Rfb1 Rbc8 14. bxc5 Nxc5
15. Na4 Nxa4 16. Qxa4 d5 17. exd5 exd5 18. Bf4 Bd6 19. c5 Bxf4 20. cxb6 Qc2 21.
Qxc2 Rxc2 22. Nxf4 Rfc8 23. d4 Kf8 24. Nd3 Nd7 25. Bh3 Ke7 26. Re1+ Kd6 27.
Rab1 R8c3 28. Bxd7 Kxd7 29. Nc5+ Rxc5 30. dxc5 Rxc5 31. Rec1 Kc6 32. Rxc5+ Kxc5
33. Kf1 d4 34. Ke1 f5 35. a4 1-0

[Event "4.Nord-West-Cup"]
[Site "?"]
[Date "2002.??.??"]
[Round "6"]
[White "Nedkov, Petar"]
[Black "Eickhoff, Hermann"]
[Result "1-0"]
[WhiteElo "1836"]
[BlackElo "2074"]
[PlyCount "87"]

1. Nf3 c5 2. c4 Nc6 3. b3 Nf6 4. Nc3 e6 5. e3 d5 6. d4 cxd4 7. Nxd4 Bb4 8. Bb2
O-O 9. a3 Bxc3+ 10. Bxc3 Ne4 11. Nxc6 bxc6 12. Bb2 Rb8 13. cxd5 cxd5 14. b4 f6
15. Bd3 a5 16. b5 Nc5 17. a4 Nxd3+ 18. Qxd3 e5 19. O-O Bb7 20. Rac1 Qb6 21. Rc2
Qe6 22. Rfc1 Qg4 23. Qb3 Kh8 24. f3 Qg5 25. Rc7 d4 26. exd4 exd4 27. Bxd4 Rbd8
28. Be3 Bd5 29. Qc3 Qg6 30. Bf2 Rfe8 31. b6 h5 32. b7 Rb8 33. Qb2 Bxf3 34. Bg3
h4 35. gxf3 hxg3 36. h3 Qf5 37. Kg2 Qe6 38. Qc2 f5 39. Qb2 Rg8 40. R1c6 Qe3 41.
Rxg7 Rxg7 42. Rc8+ Kh7 43. Rxb8 Qa7 44. Rh8+ 1-0